[Event "Fujairah President Cup"]
[Site "Fujairah"]
[Date "2008.01.02"]
[Round "8"]
[White "Waleed, Yousif"]
[Black "Abdulla, AS."]
[Result "1-0"]
[WhiteElo "2010"]
[BlackElo "2233"]
[PlyCount "33"]
[EventDate "2007.12.26"]
[EventType "swiss"]
[EventRounds "9"]
[EventCountry "UAE"]
[SourceTitle "CBM 122 Extra"]
[Source "ChessBase"]
[SourceDate "2008.03.04"]
[SourceVersion "1"]
[SourceVersionDate "2008.03.04"]
[SourceQuality "1"]

1. e4 c6 2. d4 d5 3. Nc3 dxe4 4. Nxe4 Bf5 5. Ng3 Bg6 6. Nf3 Nd7 7. h4 h6 8. h5 Bh7 9. Bd3 Bxd3 10. Qxd3 Qc7 11. Bd2 e6 12. 0-0-0 Ngf6 13. c4 c5 14. d5 0-0-0 15. dxe6 Nb6 16. Qf5 Nxc4 17. e7+ 1-0

[Event "Fujairah President Cup"]
[Site "Fujairah"]
[Date "2007.12.28"]
[Round "3"]
[White "Abdulla, AS."]
[Black "Marwan, Abdulwahab"]
[Result "0-1"]
[WhiteElo "2233"]
[BlackElo "2077"]
[PlyCount "128"]
[EventDate "2007.12.26"]
[EventType "swiss"]
[EventRounds "9"]
[EventCountry "UAE"]
[SourceTitle "CBM 122 Extra"]
[Source "ChessBase"]
[SourceDate "2008.03.04"]
[SourceVersion "1"]
[SourceVersionDate "2008.03.04"]
[SourceQuality "1"]

1. d4 d5 2. c4 e6 3. Nc3 dxc4 4. Nf3 Nf6 5. e3 c5 6. Bxc4 a6 7. Ne5 Bd6 8. 0-0 Qc7 9. f4 cxd4 10. exd4 b5 11. Bd3 Bb7 12. Be3 Nc6 13. Rc1 Rc8 14. Qe2 Qb8 15. Ng4 Nxg4 16. Qxg4 Ne7 17. Ne4 Bxe4 18. Bxe4 g6 19. Qg5 f5 20. Bf3 0-0 21. h4 Kg7 22. h5 h6 23. Qh4 Kh7 24. Rce1 gxh5 25. Bxh5 Nd5 26. Bc1 Be7 27. Qg3 Rg8 28. Qf3 Qb6 29. Bf7 Qxd4+ 30. Qf2 Qxf2+ 31. Rxf2 Bc5 32. Bxg8+ Kxg8 33. Kf1 Bxf2 34. Kxf2 Kf7 35. Kf3 Rc2 36. g4 Nf6 37. gxf5 exf5 38. a3 Ne4 39. b4 Rf2+ 40. Ke3 Rh2 41. Kd4 Ke6 42. Rg1 h5 43. Rg6+ Nf6 44. Kd3 Rh3+ 45. Kd4 Rh2 46. Be3 h4 47. Kc5 Kf7 48. Rg1 Rc2+ 49. Kd6 h3 50. Rh1 h2 51. Bg1 hxg1Q 52. Rxg1 Ra2 53. Ke5 Rxa3 54. Kxf5 Ra4 55. Rc1 Nd5 56. Ke5 Nxb4 57. Rc7+ Kf8 58. f5 Nd3+ 59. Kf6 Ke8 60. Re7+ Kd8 61. Kf7 Rf4 62. f6 Nc5 63. Ra7 b4 64. Kg7 b3 0-1

[Event "Asia Cities-ch 12th"]
[Site "Beirut"]
[Date "2000.03.23"]
[Round "6"]
[White "Abdulla, AS."]
[Black "Soman, Satchidanand"]
[Result "1/2-1/2"]
[WhiteElo "2265"]
[BlackElo "2279"]
[PlyCount "89"]
[EventDate "2000.03.19"]
[EventType "team-swiss"]
[EventRounds "9"]
[EventCountry "LBN"]
[SourceTitle "EXT 2020"]
[Source "ChessBase"]
[SourceDate "2019.10.17"]
[SourceVersion "1"]
[SourceVersionDate "2019.10.17"]
[SourceQuality "1"]
[WhiteTeam "Sharjah"]
[BlackTeam "Nagpur"]
[WhiteTeamCountry "UAE"]
[BlackTeamCountry "IND"]

1. Nf3 f5 2. g3 Nf6 3. Bg2 g6 4. b3 Bg7 5. Bb2 0-0 6. 0-0 c6 7. c4 d6 8. d4 Na6 9. Nc3 Qc7 10. Re1 e5 11. e3 e4 12. Nd2 Be6 13. a3 Qf7 14. f3 exf3 15. Nxf3 h6 16. Qc2 Rae8 17. Nh4 d5 18. c5 Nc7 19. Rf1 Bc8 20. Rae1 Re7 21. Bc1 Rfe8 22. Nd1 h5 23. Nf3 Ne4 24. Nb2 Bf6 25. Nd3 Ne6 26. b4 Qg7 27. Qb3 N6g5 28. b5 Nxf3+ 29. Bxf3 h4 30. Kg2 g5 31. gxh4 g4 32. Bd1 Bxh4 33. Re2 Qh6 34. Nf4 Rh7 35. Kg1 Ree7 36. Rg2 Bg3 37. Qb2 Bxf4 38. Rxf4 Ng5 39. Kh1 Rhf7 40. bxc6 bxc6 41. Be2 Rf8 42. Qa2 Qh4 43. Bd3 Nh3 44. Rf1 Rg7 45. Bd2 1/2-1/2

[Event "Asia Cities-ch 12th"]
[Site "Beirut"]
[Date "2000.03.21"]
[Round "5"]
[White "Mohammad, Samir"]
[Black "Abdulla, AS."]
[Result "1-0"]
[WhiteElo "2300"]
[BlackElo "2265"]
[PlyCount "99"]
[EventDate "2000.03.19"]
[EventType "team-swiss"]
[EventRounds "9"]
[EventCountry "LBN"]
[SourceTitle "EXT 2020"]
[Source "ChessBase"]
[SourceDate "2019.10.17"]
[SourceVersion "1"]
[SourceVersionDate "2019.10.17"]
[SourceQuality "1"]
[WhiteTeam "Damascus"]
[BlackTeam "Sharjah"]
[WhiteTeamCountry "SYR"]
[BlackTeamCountry "UAE"]

1. d4 Nf6 2. c4 d6 3. Nc3 Nbd7 4. Nf3 e5 5. e4 Be7 6. Be2 0-0 7. 0-0 Re8 8. Re1 c6 9. Bf1 Qc7 10. h3 a6 11. d5 c5 12. Be3 Kh8 13. Qc2 Ng8 14. g3 g6 15. Bg2 Bf8 16. Kh2 Bh6 17. Ng5 Re7 18. Qd2 Kg7 19. b3 Nf8 20. f4 exf4 21. gxf4 Bxg5 22. fxg5 Nd7 23. Re2 Ne5 24. Rf1 Bd7 25. Ref2 b5 26. Bf4 Be8 27. Bxe5+ Rxe5 28. Rf3 b4 29. Nd1 Qe7 30. Rg3 a5 31. Nf2 h6 32. h4 hxg5 33. hxg5 f6 34. Qb2 Bd7 35. Nd3 fxg5 36. Nxe5 dxe5 37. d6 Qxd6 38. Rxg5 Re8 39. Rf3 Nf6 40. Rfg3 Rh8+ 41. Kg1 Qd1+ 42. Bf1 Ng4 43. R3xg4 Bxg4 44. Qxe5+ Kh6 45. Qf4 Qd4+ 46. Kg2 Qb2+ 47. Kg3 Be6 48. Rh5+ Kg7 49. Qc7+ Bf7 50. Rxh8 1-0

[Event "Asia Cities-ch 12th"]
[Site "Beirut"]
[Date "2000.03.21"]
[Round "4"]
[White "Taleb, Moussa"]
[Black "Abdulla, AS."]
[Result "1/2-1/2"]
[WhiteElo "2312"]
[BlackElo "2265"]
[PlyCount "154"]
[EventDate "2000.03.19"]
[EventType "team-swiss"]
[EventRounds "9"]
[EventCountry "LBN"]
[SourceTitle "EXT 2020"]
[Source "ChessBase"]
[SourceDate "2019.10.17"]
[SourceVersion "1"]
[SourceVersionDate "2019.10.17"]
[SourceQuality "1"]
[WhiteTeam "Dubai"]
[BlackTeam "Sharjah"]
[WhiteTeamCountry "UAE"]
[BlackTeamCountry "UAE"]

1. d4 Nf6 2. Nf3 d6 3. c4 Nbd7 4. Nc3 e5 5. e4 Be7 6. Be2 0-0 7. 0-0 Re8 8. Re1 c6 9. b3 Qc7 10. Bb2 Nf8 11. Qc2 Bg4 12. d5 Ng6 13. g3 h5 14. dxc6 bxc6 15. Nd1 c5 16. Ne3 Nf8 17. Ng5 Bxe2 18. Qxe2 Ne6 19. Nd5 Nxd5 20. Nxe6 fxe6 21. exd5 exd5 22. cxd5 h4 23. Qg4 Qc8 24. Qg6 Rf8 25. Re4 Rf6 26. Qg4 Qxg4 27. Rxg4 hxg3 28. hxg3 Rf3 29. Bc1 Rd3 30. Be3 Rxd5 31. Kf1 Bf6 32. Rc1 Re8 33. Re4 Kf7 34. Ke2 Kg6 35. Rh1 Kf5 36. f3 Ke6 37. Ra4 Ra8 38. g4 Rc8 39. Rh7 Rc7 40. Rh8 a5 41. Re8+ Be7 42. Ra8 g6 43. R8xa5 c4 44. Rxd5 Kxd5 45. bxc4+ Rxc4 46. Ra7 Ke6 47. a4 d5 48. Kd3 Rc6 49. a5 d4 50. Bd2 Bc5 51. Rg7 Kd5 52. Rd7+ Ke6 53. Rg7 Kd5 54. Rd7+ Ke6 55. Rb7 Kd5 56. Rb5 Rf6 57. Bb4 Rxf3+ 58. Ke2 Re3+ 59. Kd2 Kc4 60. Rxc5+ Kxb4 61. Rd5 Kc4 62. Rd6 Ra3 63. Rc6+ Kd5 64. Rxg6 Rxa5 65. Rh6 Ra2+ 66. Ke1 Rg2 67. Rg6 d3 68. Ra6 Rxg4 69. Kd2 Ke4 70. Ra4+ Kf3 71. Ra8 e4 72. Rf8+ Rf4 73. Rh8 Rf7 74. Re8 Kf4 75. Rd8 Rf6 76. Rd7 Rc6 77. Rf7+ Ke5 1/2-1/2